Responses for show #4467 - Tuesday, January 27, 2004

Contestants

Rich Quigley, a firefighter from Milwaukee, Wisconsin

Lili Williams, a wife and mother from Antelope, California

Todd Wilson, a marketing executive from Atlanta, Georgia (whose 1-day cash winnings total $6,799)

Jeopardy! Round responses

MID-CENTURY MOMENTS
BIOGRAPHY
ALL ABOUT ELEPHANTS
COLLECT THE WHOLE SERIES
INNS
"OUT"s
    $200 6
Portugal & Spain

Todd
    $200 1
(Rich: Who is Bob Mitchum?)

Robert Mitchum

Rich
    $200 26
(Todd: What is the snout?)

the trunk

ToddRich
    $200 11
state quarters

Lili
    $200 21
Vermont

Todd
    $200 16
the outfield

Todd
    $400 7
card-carrying Communist

Todd
    $400 2
(Lili: Who is Johnny Mathis?)

Nat King Cole

LiliRich
    $400 27
tusks

Lili
    $400 12
"Milk" ads

Todd
    $400 22
Salt Lake City

Rich
    $400 17
Outer Mongolia

Todd
    $600 8
Constantinople (Istanbul)

Todd
    $600 3
Dinah Shore

Todd
    $600 28
jump

Lili
    $600 13
Death

Rich
    $600 23
electronic key cards

Lili
    $600 18
Out of Africa

Todd
    $800 9
the Crusades

Rich
    $800 4
Lee Marvin

Lili
    $800 29
their ears

Todd
    $800 14
Rabbit

Lili
    $800 24
(Alex: With a minute to go now.)

Wyoming

Todd
    $800 19
outrider

Rich
    $1000 10
Elizabeth Barrett Browning

Triple Stumper
    $1000 5
Linda Blair

Todd
    $1000 30
that they never forget

Lili
    $1,400 15
(Lili: What is the Encyclopedia Britannica?)

the complete plays of Shakespeare

Lili
    $1000 25
the Wayside Inn

Triple Stumper
    $1000 20
The Outcasts

Rich

Scores at the first commercial break (after clue 15):

Todd Lili Rich
$3,200 $0 $2,000

Scores at the end of the Jeopardy! Round:

Todd Lili Rich
$6,000 $2,600 $4,400

Double Jeopardy! Round responses

WORLD'S FAIR LANDMARKS
AT THE BALLPARK
"W"HODUNNIT?
NAUTICAL TERMS
BJORN AGAIN
____FOR____
    $400 11
Seattle

Todd
    $400 1
(Alex: What is the scoreboard... [*]?)

the scorecard

Triple Stumper
    $400 20
George Washington

Lili
    $400 16
the timbers

Rich
    $400 25
Bjorn Borg

Lili
    $400 2
an eye for an eye

Lili
    $800 12
Japan

Todd
    $800 5
beer

Rich
    $800 21
Alice Walker

Triple Stumper
    $800 17
the rudder

Rich
    $800 26
(Rich: What is Greenland?)

Iceland

LiliRich
    $800 3
loaded for bear

Lili
    $1200 13
Montreal

Rich
    $1200 8
Upper Deck

Todd
    $1200 22
P.G. Wodehouse

Lili
    $1200 18
cutter

Rich
    $1200 27
Henrik Ibsen

Triple Stumper
    $1200 4
(Lili: What is shoot for the moon?)

go for broke

ToddLili
    $1600 14
(Todd: What is Chicago?)
(Rich: What is Paris?)

Philadelphia

ToddRich
Triple Stumper
    $1600 9
foul territory

Todd
    $1600 23
Jack Welch

Todd
    $1600 19
the bowsprit

Lili
    $1,000 28
Finland

Lili
    $1600 6
Measure for Measure

Lili
    $2000 15
the Crystal Palace

Rich
    $2000 10
Monster

Todd
    $3,200 24
(Todd: Who is Webster?)

Terry Waite

Todd
    $2000 30
belay/belaying

Rich
    $2000 29
Olof Palme

Todd
    $2000 7
Day for Night

Triple Stumper

Scores at the end of the Double Jeopardy! Round:

Todd Lili Rich
$12,000 $9,600 $10,400

[wagering suggestions for these scores]

Final Jeopardy! Round responses

THE BUSINESS BOOKSHELF
LiliWhat is ?
$1,000
RichWhat is Jack Daniels
$5,400
ToddWhat is Proctor & Gamble
$8,801
Jim Beam

Final scores:

Todd Lili Rich
$3,199 $8,600 $5,000
3rd place: $1,000 New champion: $8,600 2nd place: $2,000

Game dynamics:

Coryat scores:

Todd Lili Rich
$15,200 $11,600 $10,400
20 R,
3 W
(including 1 DD)
16 R
(including 1 DD),
3 W
(including 1 DD)
15 R,
2 W

Combined Coryat: $37,200

The J! Archive is created by fans, for fans. The Jeopardy! game show and all elements thereof, including but not limited to copyright and trademark thereto, are the property of Jeopardy Productions, Inc. and are protected under law. This website is not affiliated with, sponsored by, or operated by Jeopardy Productions, Inc. Join the discussion at JBoard.tv.